Statistics for NFL Teams with Least Points in the Super Bowl

Click here to take the quiz!

General Stats

  • This quiz has been taken 44 times
    (8 since last reset)
  • The average score is 9 of 10

Answer Stats

# of PointsNFL Team% Correct
16New York Jets
100%
16Tennessee Titans
100%
34Minnesota Vikings
100%
47Atlanta Falcons
100%
23Arizona Cardinals
86%
26San Diego Chargers
86%
37Cincinnati Bengals
86%
39Carolina Panthers
86%
62St. Louis/Los Angeles Rams
86%
31New Orleans Saints
71%

Score Distribution

Percentile by Number Answered

Percent of People with Each Score

Your Score History

You have not taken this quiz since the last reset